000
00303nam a22001217a 4500
008
160419b xxu||||| |||| 00| 0 eng d
020
_a
9780803623569
020
_a
0803623569
041
_a
eng
080
_a
618.2
245
1
0
_a
Fundamentals of nursing:
_c
Judith Wilkinson; Leslie Treas;
942
_2
udc
_c
BK
999
_c
1434
_d
1434